The hole in our Gospel / (Record no. 10380)
[ view plain ]
| 000 -LEADER | |
|---|---|
| fixed length control field | 01118cam a22003014a 4500 |
| 001 - CONTROL NUMBER | |
| control field | 15448655 |
| 003 - CONTROL NUMBER IDENTIFIER | |
| control field | OSt |
| 005 - DATE AND TIME OF LATEST TRANSACTION | |
| control field | 20210223151452.0 |
| 008 - FIXED-LENGTH DATA ELEMENTS--GENERAL INFORMATION | |
| fixed length control field | 080912s2009 tnu b 000 0deng |
| 010 ## - LIBRARY OF CONGRESS CONTROL NUMBER | |
| LC control number | 2008039768 |
| 020 ## - INTERNATIONAL STANDARD BOOK NUMBER | |
| International Standard Book Number | 9780785229186 (hardcover) |
| 040 ## - CATALOGING SOURCE | |
| Original cataloging agency | DLC |
| Transcribing agency | DLC |
| Modifying agency | DLC |
| 050 00 - LIBRARY OF CONGRESS CALL NUMBER | |
| Classification number | BV639.P6 |
| Item number | ST799H |
| 082 00 - DEWEY DECIMAL CLASSIFICATION NUMBER | |
| Classification number | 248.4 |
| Edition number | 22 |
| Item number | ST799H |
| 100 1# - MAIN ENTRY--PERSONAL NAME | |
| Personal name | Stearns, Richard |
| Fuller form of name | (Richard E.) |
| 245 14 - TITLE STATEMENT | |
| Title | The hole in our Gospel / |
| Statement of responsibility, etc. | Richard Stearns. |
| 260 ## - PUBLICATION, DISTRIBUTION, ETC. | |
| Place of publication, distribution, etc. | Nashville, Tenn. : |
| Name of publisher, distributor, etc. | Thomas Nelson, |
| Date of publication, distribution, etc. | c2009. |
| 300 ## - PHYSICAL DESCRIPTION | |
| Extent | xv, 303 p. ; |
| Dimensions | 24 cm. |
| 504 ## - BIBLIOGRAPHY, ETC. NOTE | |
| Bibliography, etc. note | Includes bibliographical references (p. 291-303). |
| 600 10 - SUBJECT ADDED ENTRY--PERSONAL NAME | |
| Personal name | Stearns, Richard |
| Fuller form of name | (Richard E.) |
| 610 20 - SUBJECT ADDED ENTRY--CORPORATE NAME | |
| Corporate name or jurisdiction name as entry element | World Vision International. |
| 650 #0 - SUBJECT ADDED ENTRY--TOPICAL TERM | |
| Topical term or geographic name entry element | Church work with the poor. |
| 650 #0 - SUBJECT ADDED ENTRY--TOPICAL TERM | |
| Topical term or geographic name entry element | Christian life. |
| 856 41 - ELECTRONIC LOCATION AND ACCESS | |
| Materials specified | Table of contents only |
| Uniform Resource Identifier | <a href="http://www.loc.gov/catdir/toc/ecip0828/2008039768.html">http://www.loc.gov/catdir/toc/ecip0828/2008039768.html</a> |
| 906 ## - LOCAL DATA ELEMENT F, LDF (RLIN) | |
| a | 7 |
| b | cbc |
| c | orignew |
| d | 1 |
| e | ecip |
| f | 20 |
| g | y-gencatlg |
| 942 ## - ADDED ENTRY ELEMENTS (KOHA) | |
| Source of classification or shelving scheme | Dewey Decimal Classification |
| Koha item type | Books |
| Withdrawn status | Lost status | Source of classification or shelving scheme | Damaged status | Not for loan | Collection code | Home library | Current library | Shelving location | Date acquired | Total Checkouts | Full call number | Barcode | Date last seen | Price effective from | Koha item type |
|---|---|---|---|---|---|---|---|---|---|---|---|---|---|---|---|
| Dewey Decimal Classification | Non-fiction | Harvest Mission College | Harvest Mission College | General Stacks | 27.02.2021 | 248.4 ST799H | 012334 | 04.03.2021 | 27.02.2021 | Books |
